000 00418nam a2200181Ia 4500
008 221030s9999 xx 000 0 und d
020 _a8120309847
041 _aEnglish
082 _a105.23
_bRod
100 _aD. Roddy
245 0 _aElectronic Communications
_cby D. Roddy, J. Coolen
250 _a4th
260 _bPHI
_aNew Delhi
_c2002
300 _a820
650 _aECE
700 _aJ. Coolen
942 _cBK
999 _c3202
_d3202